=LDR 00000nam 2200000 4500 =001 INLIS000000000002607 =005 20130612090930 =008 ***********************************Ind** =035 ##$$0010-061300000002607 =041 ##$$a Ind =082 ##$$a 616.858 =090 ##$$a 616.858, Kel t =100 ##$$a Keliat, Budi Anna =245 ##$$a Tingkah laku bunuh diri, Budi Anna Keliat =260 ##$$a 1991 $b Jakarta =300 ##$$a 35 hlm, 18 cm =650 ##$$a Bunuh Diri(Psikiatri) =850 ##$$a NBPNMAT